000 00560nam a2200193Ia 4500
003 OSt
005 20251230122142.0
008 210210b1959 xxu||||| |||| 00| 0 eng d
040 _cAL
041 _aKannada
082 _a859/2188
100 _aSITARAMA SHASTRI
_9158534
_dಸೀತಾರಾಮ ಶಾಸ್ತ್ರಿ
245 _aRaktabhisheka:
_bರಕ್ತಾಭಿಷೇಕ
260 _aBengaluru
_b-
_c1959
690 _aKannada Fiction
_9158535
700 _aVIRAKESARI
_9158536
_d ವೀರಕೇಸರಿ.
906 _a022900
942 _2ddc
_cBK
999 _c147599
_d147599